| 000 | 00730nam a2200253Ia 4500 | ||
|---|---|---|---|
| 003 | OSt | ||
| 005 | 20221005083753.0 | ||
| 006 | a|||||r|||| 00| 0 | ||
| 007 | ta | ||
| 008 | 221004b |||||||| |||| 00| 0 eng d | ||
| 020 |
_a8185990247 (pbk) _c75 |
||
| 024 | _a25042 | ||
| 037 |
_b1090, 23/02/2016, Bright Book Service _cTextual |
||
| 040 |
_aCRL _cCRL _beng |
||
| 041 |
_2eng _aeng |
||
| 082 | _aY73(Q2).2, Q4 | ||
| 100 | _aGoel Sita Ram | ||
| 245 | 0 | _aDefence of hindu society | |
| 260 |
_aNew Delhi _bVoice of India India _c2014 |
||
| 300 |
_a118p. _ccm. |
||
| 650 | _aSOCIOLOGY | ||
| 942 |
_hY73(Q2).2, Q4 _cTEXL _2cc |
||
| 999 |
_c991510 _d991510 |
||